000 01342cam a22003617a 4500
003 CHAP
005 20220329142727.0
008 030312d2002 mx r 00110 spa d
010 _a86930
011 _a87902
035 _a98446
040 _cCHAP
090 _aTesis
100 0 0 _aNarváez Martínez, Juan David.
_980250
245 1 0 _aAnálisis del crecimiento de variedades y cruzas intervarietales de chile manzano (Capsicum pubescens R & P) cultivadas en invernadero
_c/por Juan David Narváez Martínez
260 _aChapingo, Méx. :
_bEl autor,
_c2002.
300 _a68 h.
502 _aTesis (Ing. Agr. Esp en Fitotecnia) -- UACH. Departamento de Fitotecnia
590 _aALEPH
_b10
_c20130110
_lUCH01
_h1452
590 _aBATCH-UPD
_b10
_c20130110
_lUCH01
_h0751
590 _aBATCH-UPD
_b10
_c20130410
_lUCH01
_h0431
590 _aBATCH-UPD
_b10
_c20130914
_lUCH01
_h0924
590 _aCONVERSION
_b10
_c20130109
_lUCH01
_h1348
650 1 4 _aChile manzano
_xCrecimiento.
_922450
650 1 4 _aChile manzano
_xRendimiento.
_922465
650 1 4 _aChile manzano
_xVariedades.
_922468
650 1 4 _aCultivos en invernadero.
_930376
901 _aBK
905 _aMayto Villalobos S.
942 _cFOLL
949 _aTesis
_bBC
_cTES
_d33724000887717
_eTS2
_fc.2
_h40523
_i98446
_si
949 _aTesis
_bBC
_cTES
_d98446123
_eTS1
_h40522
_i98446
_sb
999 _c86930
_d86930